Normal view
MARC view
- Ḥaidar, K̲h̲vājah Raz̤ī,
Entry Personal Name
001 - CONTROL NUMBER
- control field: 5183
003 - CONTROL NUMBER IDENTIFIER
- control field: NUST
005 - DATE AND TIME OF LATEST TRANSACTION
- control field: 20171004110309.0
008 - FIXED-LENGTH DATA ELEMENTS
- fixed length control field: 171004|| aca||aabn | a|a d
040 ## - CATALOGING SOURCE
- Original cataloging agency: NUST
- Transcribing agency: NUST
100 ## - HEADING--PERSONAL NAME
- Personal name: Ḥaidar, K̲h̲vājah Raz̤ī,
- Dates associated with a name: 1946-
670 ## - SOURCE DATA FOUND
- Source citation: Work cat.: (NUST)0: Ḥaidar, K̲h̲vājah Raz̤ī, 1946-, Ruttie Jinnah /, 2010.
